GRAY'S ANATOMY FOR STUDENTS (Record no. 21579)

MARC details
000 -LEADER
fixed length control field 00377nam a22001697a 4500
003 - CONTROL NUMBER IDENTIFIER
control field SGT
020 ## - INTERNATIONAL STANDARD BOOK NUMBER
International Standard Book Number 978-0-323-61104
082 ## - DEWEY DECIMAL CLASSIFICATION NUMBER
Classification number 611
Item number G20D
100 ## - MAIN ENTRY--PERSONAL NAME
Personal name DRAKE, RICHARD.L
245 ## - TITLE STATEMENT
Title GRAY'S ANATOMY FOR STUDENTS
250 ## - EDITION STATEMENT
Edition statement 4TH
260 ## - PUBLICATION, DISTRIBUTION, ETC. (IMPRINT)
Place of publication, distribution, etc LONDON
Name of publisher, distributor, etc ELSEVIER
Year of Publication 2020
300 ## - PAGE DESCRIPTION
No. of Pages 1153
650 ## - SUBJECT ADDED ENTRY--TOPICAL TERM
Topical term or geographic name as entry element ANATOMY
653 ## - KEYWORDS--INDEX TERM
Keyword term ANATOMY, GRAY'S ANATOMY
942 ## - ADDED ENTRY ELEMENTS (KOHA)
Source of classification or shelving scheme Dewey Decimal Classification
Koha item type Books
Holdings
Withdrawn status Lost status Source of classification or shelving scheme Damaged status Use restrictions Not for loan Collection code Home library Current library Shelving location Date acquired Vendor Name Cost, normal purchase price SGTU Bill Number Full call number Accession No. (Barcode) Date last seen Bill Date Koha item type
    Dewey Decimal Classification   Restricted Access   AYURVEDA SGT FA-FP Library SGT FA-FP Library Reference Book 17/07/2021 AHUJA PUB 3750.00 SGTU 13091 611 G20D FA10603 17/07/2021 10/06/2021 Books